000 00517nam a2200133Ia 4500
008 100328s9999 xx 000 0 und d
082 _b34099
100 _aकुलकर्णी प्रि.खं.
245 _aऊर्जा प्रश्न आशा उद्याच्या
260 _bराजहंस
630 _aऊर्जा प्रश्न आशा उद्याच्या
730 _aऊर्जा प्रश्न आशा उद्याच्या
942 _cBOOK
999 _c524350
_d524347